000 00290nam a22001337a 4500
008 181101b xxu||||| |||| 00| 0 eng d
020 _a007051769
041 _aeng
080 _a531
100 _a43
101 _aFIZ
245 _aChemical Thermodynamics
_cReid, Ch. E
942 _2udc
_cBK
999 _c51524
_d51524